LEADER 01710naa a2200277 u 4500 001 000000099934 003 CaOOAMICUS 005 20070226130200.0 008 051013s1984 it u000 u ita u 020 $a8815003630 035 $a11063683 040 $aIAR$bita 100 1 $aPapagno, Giuseppe.$0(OLS)http://pul/name/62666 245 14$aUna cittadella e una cittą (il Castello Nuovo farnesiano di Parma 1589-1597) :$bTensioni sociali e strategie politiche attorno alla costruzione di una fortezza urbana /$cGiuseppe Papagno, Marzio A. Romani. 260 $aBologna :$bIl Mulino,$c1984. 300 $aS. 141-210 ;$c24 cm 650 4$aCastelli$zItalia$zParma.$0(OLS)http://pul/subject/32080 651 4$aParma$xStoria$ySec. XVI.$0(OLS)http://pul/subject/32081 700 1 $aRomani, Marzio Achille.$0(OLS)http://pul/name/62667 730 0 $aAnnali dell'Istituto storico italo-germanico in Trento = Jahrbuch des Italienisch-Deutschen Historischen Instituts in Trient$g[Spogli].$0(OLS)http://pul/title/8676 773 0 $aJahrbuch des italienisch-deutschen historischen Instituts in Trient.$g8 (1982) 773 0 $aAnnali dell'Istituto storico italo.germanico in Trento.$g8 (1982) 773 0 $aIstituto storico italo-germanico.$tAnnali dell'Istituto storico italo-germanico in Trento = Jahrbuch des Italienisch-Deutschen Historischen Instituts in Trient$w()5918 996 $6020$a8815003630$9(OLS)http://pul/number/129499 996 $6245$aUna cittadella e una cittą (il Castello Nuovo farnesiano di Parma 1589-1597) :$bTensioni sociali e strategie politiche attorno alla costruzione di una fortezza urbana$9(OLS)http://pul/title/126812 996 $6260$aBologna :$bIl Mulino$9(OLS)http://pul/publisher/47928 LEADER 01691nam a2200397 a 4500 001 000000161179 003 CaOOAMICUS 005 20170608113034.0 008 170608s2001 it u000 u ita r 020 $a88-87518-16-5* 032 $aLibriCat 040 $aPUL$bita 041 1 $aita$hlat 082 04$a184 100 1 $aPlethon, Georgius Gemistus,$dSec. XV.$0(OLS)http://pul/name/78390 240 10$aDe Platonicae atque Aristotelicae philosophiae differentia.$lItaliano.$0(OLS)http://pul/title/200898 245 10$aDelle differenze fra Platone ed Aristotele /$cGiorgio Gemisto Pletone ; a cura di Moreno Neri. 260 $aRimini :$bRaffaelli,$c©2001. 300 $a95 p. :$bill. ;$c17 cm. 490 1 $aScintille ;$v23 504 $aBibliografia in nota. 600 14$aPlethon, Georgius Gemistus,$dsec. XV.$0(OLS)http://pul/subject/44643 700 1 $aNeri, Moreno.$0(OLS)http://pul/name/78391 830 0$aScintille ;$v23.$0(OLS)http://pul/title/200899 850 $aPUL 852 $aPUL$W1$xSL Filosofia 3$y81$m184 GEMGI 1$j185135$qDDC 21$B188330$CPULBib$Z2$F188330 $H129761 $81 900 $aGemistus Plethon, George$dsec. XV$978390 900 $aGemisto Pletone, Giorgio,$dsec. XV$978390 941 1 $a9 960 $aGemisto Pletone, Giorgio,$dsec. XV$944643 960 $aGemistus Plethon, George, $dsec. XV$944643 996 $6020$a88-87518-16-5*$9(OLS)http://pul/number/162825 996 $6082$a184$9(OLS)http://pul/classification/184 996 $6245$aDelle differenze fra Platone ed Aristotele$9(OLS)http://pul/title/200897 996 $6260$aRimini :$bRaffaelli$9(OLS)http://pul/publisher/86321